00321nam a2200121Ia 4500008004100000082001600041100002400057245005400081250000800135260004000143300000800183650000800191191201s2011 xx 000 0 und d a658.15bMAM aMATTA, Satish Kumar 0aManagement of Financial Institutions and Services a2nd aN. DelhibVrinda Publicationsc2011 a487 aMBA